Chansons de Claude François - Mort subite - Statistiques

Statistiques générales
  • Ce quiz a été pris 1 783 fois
  • Le résultat moyen est 10 sur 15
Answers on the Grid
Answers color-coded by a green-red scale on the quiz's grid according to % correct below.
Le printemps est arrivé
Même si tu revenais
Comme d'habitude
Fais comme l'oiseau
Alexandrie, Alexandra
Place des grands hommes
Le lundi au soleil
Petite Marie
La fille aux yeux clairs
Magnolias for ever
La dernière séance
Santiano
Cette année-là
La ballade des gens heureux
Le téléphone pleure
La maladie d'amour
Belles, belles, belles
Femme, femme, femme
Le mal aimé
Les mots bleus
Si j'avais un marteau
Que Marianne était jolie
Viens à la maison, y'a le printemps qui chante
La bohême
Chanson populaire
Amoureux de ma femme
Le chanteur malheureux
Je vais à Rio
Bo le lavabo
Toi et moi contre le monde entier
 
Statistiques - réponses
Réponse % Correct
Alexandrie, Alexandra
89%
Cette année-là
88%
Comme d'habitude
83%
Le lundi au soleil
83%
Belles, belles, belles
82%
Magnolias for ever
81%
Le téléphone pleure
76%
Chanson populaire
73%
Je vais à Rio
72%
Le mal aimé
65%
Si j'avais un marteau
64%
Viens à la maison, y'a le printemps qui chante
60%
Le chanteur malheureux
58%
Même si tu revenais
40%
Toi et moi contre le monde entier
32%
Aucun quiz correspondant
Distribution des résultats
% des personnes avec chaque résultat
Percentile par nombre de réponses
Votre historique - résultats
Vous n’avez pas pris ce quiz